000 00298nam a22001217a 4500
020 _a0-273-02856-1
082 _a005.133-F PAG'P
100 _aPAGE, CLIVE G
_965405
245 _aTHE PROFESSIONAL PROGRAMMERS GUIDE TO FORTRON 77
260 _aLONDON
_bPITMAN
_c1988
300 _a180P
942 _cBK
999 _c573626
_d573626